01014nam a2200289 a 450000500170000000800410001701000140005802000230007202000260009503500130012103700150013404000180014908200130016710000260018024500910020626000410029727000480033830000280038650000200041465000290043465100280046370000220049170000210051394200270053499900170056195201460057820020827074227.0020529s1997 nyua | 00| 0 eng d aENG-93322 a8189886746c550.00 a9788189886745c550.00 aEN-76855 bDBAD / PUB adplbEnglish  a307.1412 aShanmugasundaram, A.  aRural non-farm sector /cby A. Shanmugasundaram, K. Ravichandran [and] A. Savarimuthu  aDelhi bAbhijeet Publications c2008 a2/46 Thkhmeerpur Extension bDelhi e110094 axvi, 168p. c23cm (Hb)  aIncludes index  aRural developmentzIndia aIndiaxRural conditions aRavichandran, K.  aSavarimuthu, A.  2ddccENh307.1412mSHA c25968d25968 00102ddc40718NFICaDBADbDBADd2009-04-30eDBAD / PUBg550.00l0o307.1412 SHApEN-76855r2009-04-30 00:00:00t1v550.00w2009-04-30yEN